000 01235nam0a22003251 4500
001 v19\rc\1660666
005 20250619010220.0
035 _a(NLR Aleph) 004770167
090 _a4624962
_c4624962
100 _a20061002e18901890|||y0rusy50 ca
101 0 _arus
102 _aRU
105 _ay z |||||
200 1 _aСписок древесных пород
_f[Соч.] Р.И. Шредера
210 _a[Санкт-Петербург]
_cтип. Имп. Акад. наук
_dценз. 1890
215 _a90 с.
_d22
309 _aБез тит. л. и обл.
311 _aОтт. из 4-го изд. кн. "Русский огород, питомник и плодовый сад"
488 0 _12001#$aРусский огород, питомник и плодовый сад
_1205##$a4-е изд.
_tРусский огород, питомник и плодовый сад
700 1 _aШредер
_bР.И.
_f1822-1903
_gРихард Иванович
801 0 _aRU
_bNLR
_gpsbo
801 0 _aRU
_bRuMoRGB
_2psbo
801 1 _aRU
_bProSoft-M
_2rusmarc
852 _aNLR
_j18.275.1.244
899 _aRuMoRGB
_jA 183/1437
899 _aRuMoRGB
_jU 319/6
899 _aБАН
899 _aНБ МГУ
942 _cBOOK
980 _aNB